| 000 | 00973nam2a2200241 4500 | ||
|---|---|---|---|
| 001 | rc\2951537 | ||
| 005 | 20110830175152.3 | ||
| 035 | _a(NLR Aleph) 007099128 | ||
| 090 |
_a13601955 _c13601955 |
||
| 100 | _a20080208d1934 |||y0rusy50 ca | ||
| 101 | 0 | _arus | |
| 102 | _aRU | ||
| 105 | _aab z ||||| | ||
| 200 | 1 |
_aНижнее Поволжье _fПод ред. Н.В. Симонова |
|
| 210 | _d1934 | ||
| 215 |
_aПереплет, X, 681 с., 40 вкл. л. черт. и крас. карт. _cчерт., крас. карт. |
||
| 461 | 0 |
_1001rc\2951536 _12001#$aСправочник по водным ресурсам С.С.С.Р.$fПод общ. ред. В.Г. Глушкова$gЕдиная гидро метеорол. служба СССР. Центр. бюро водного кадастра$vТ. 5 |
|
| 702 | 1 |
_aСимонов _bН. В. _4340 |
|
| 801 | 0 |
_aRU _bNLR _gpsbo |
|
| 801 | 1 |
_aRU _bELAR _2rusmarc |
|
| 852 |
_aNLR _j33-19/351(5) |
||
| 942 | _cBOOK | ||
| 980 | _aNB | ||